Synonymes d'argent - Mort subite - Statistiques

Statistiques générales
  • Ce quiz a été pris 5 439 fois
  • Le résultat moyen est 12 sur 15
Answers on the Grid
Answers color-coded by a green-red scale on the quiz's grid according to % correct below.
Blé
Caoua
Cerise
Falzar
Feunard
Flouze
Fric
Gnole
Go
Grisbi
Liquide
Maille
Monnaie
Moula
Oseille
Pépettes
Pèze
Pognon
Poireaux
Radis
Sous
Suif
Thune
Titine
Zer
 
Statistiques - réponses
Réponse % Correct
Fric
95%
Monnaie
95%
Sous
94%
Thune
94%
Liquide
93%
Oseille
93%
Pognon
93%
Blé
92%
Moula
90%
Flouze
81%
Pépettes
78%
Maille
76%
Pèze
64%
Radis
49%
Grisbi
23%
Aucun quiz correspondant
Distribution des résultats
% des personnes avec chaque résultat
Percentile par nombre de réponses
Votre historique - résultats
Vous n’avez pas pris ce quiz